<?xml version="1.0" encoding="UTF-8"?>
<record
    xmlns:xsi="http://www.w3.org/2001/XMLSchema-instance"
    xsi:schemaLocation="http://www.loc.gov/MARC21/slim http://www.loc.gov/standards/marcxml/schema/MARC21slim.xsd"
    xmlns="http://www.loc.gov/MARC21/slim">

  <leader>01986nam a22002417a 4500</leader>
  <controlfield tag="003">OSt</controlfield>
  <controlfield tag="005">20260526103433.0</controlfield>
  <controlfield tag="008">260522b        |||||||| |||| 00| 0 eng d</controlfield>
  <datafield tag="020" ind1=" " ind2=" ">
    <subfield code="a">9789392400315</subfield>
  </datafield>
  <datafield tag="040" ind1=" " ind2=" ">
    <subfield code="c">AL</subfield>
  </datafield>
  <datafield tag="041" ind1=" " ind2=" ">
    <subfield code="a">kan</subfield>
  </datafield>
  <datafield tag="082" ind1=" " ind2=" ">
    <subfield code="a">792K</subfield>
    <subfield code="b">AKSR</subfield>
  </datafield>
  <datafield tag="100" ind1=" " ind2=" ">
    <subfield code="a">Akshara K V</subfield>
    <subfield code="9">264572</subfield>
  </datafield>
  <datafield tag="100" ind1=" " ind2=" ">
    <subfield code="d">&#xC85;&#xC95;&#xCCD;&#xCB7;&#xCB0; &#xC95;&#xCC6; &#xCB5;&#xCBF; </subfield>
    <subfield code="9">264402</subfield>
  </datafield>
  <datafield tag="245" ind1=" " ind2=" ">
    <subfield code="a">Ranga prayoga</subfield>
    <subfield code="b">: &#xCB0;&#xC82;&#xC97; &#xCAA;&#xCCD;&#xCB0;&#xCAF;&#xCCB;&#xC97; </subfield>
  </datafield>
  <datafield tag="260" ind1=" " ind2=" ">
    <subfield code="a">Sagara</subfield>
    <subfield code="b">Akshara Prakashana</subfield>
    <subfield code="c">2023</subfield>
  </datafield>
  <datafield tag="300" ind1=" " ind2=" ">
    <subfield code="a">184p</subfield>
    <subfield code="b">PB</subfield>
    <subfield code="c">24x18cm</subfield>
  </datafield>
  <datafield tag="365" ind1=" " ind2=" ">
    <subfield code="2">Kannada</subfield>
    <subfield code="a">AM-000007</subfield>
    <subfield code="b">&#x20B9;296.00</subfield>
    <subfield code="c">&#x20B9;</subfield>
    <subfield code="d">&#x20B9;370.00</subfield>
    <subfield code="e">20%</subfield>
    <subfield code="f">11-05-2026</subfield>
  </datafield>
  <datafield tag="520" ind1=" " ind2=" ">
    <subfield code="a">&#xCB0;&#xC82;&#xC97; &#xCAA;&#xCCD;&#xCB0;&#xCAF;&#xCCB;&#xC97; / Ranga Prayoga &#x2013; &#xC95;&#xCC6;.&#xCB5;&#xCBF;. &#xC85;&#xC95;&#xCCD;&#xCB7;&#xCB0; &#xC85;&#xCB5;&#xCB0; &#xC92;&#xC82;&#xCA6;&#xCC1; &#xCAA;&#xCCD;&#xCB0;&#xCAE;&#xCC1;&#xC96; &#xCB0;&#xC82;&#xC97;&#xCAD;&#xCC2;&#xCAE;&#xCBF; &#xCB8;&#xC82;&#xCAC;&#xC82;&#xCA7;&#xCBF;&#xCA4; &#xC95;&#xCC3;&#xCA4;&#xCBF;&#xCAF;&#xCBE;&#xC97;&#xCBF;&#xCA6;&#xCC6;. &#xCAA;&#xCCD;&#xCB0;&#xCB8;&#xCCD;&#xCA4;&#xCC1;&#xCA4; &#xCAA;&#xCC1;&#xCB8;&#xCCD;&#xCA4;&#xC95;&#xCB5;&#xCC1; &#xCB0;&#xC82;&#xC97; &#xC85;&#xCAD;&#xCBF;&#xCA8;&#xCAF;, &#xCB0;&#xC82;&#xC97; &#xCA4;&#xC82;&#xCA4;&#xCCD;&#xCB0;&#xC97;&#xCB3;&#xCC1; &#xCAE;&#xCA4;&#xCCD;&#xCA4;&#xCC1; &#xCB0;&#xC82;&#xC97; &#xCB8;&#xCBF;&#xCA6;&#xCCD;&#xCA7;&#xCA4;&#xCC6; &#xC8E;&#xCA8;&#xCCD;&#xCA8;&#xCC1;&#xCB5; &#xCAE;&#xCC2;&#xCB0;&#xCC1; &#xCAD;&#xCBE;&#xC97;&#xC97;&#xCB3;&#xCB2;&#xCCD;&#xCB2;&#xCBF; &#xCB0;&#xC82;&#xC97;&#xCAD;&#xCC2;&#xCAE;&#xCBF;&#xCAF; &#xCAA;&#xCCD;&#xCB0;&#xCBE;&#xCAF;&#xCCB;&#xC97;&#xCBF;&#xC95; &#xC85;&#xC82;&#xC97;&#xCBE;&#xC82;&#xCB6;&#xC97;&#xCB3;&#xCA8;&#xCCD;&#xCA8;&#xCC1; &#xC95;&#xCC1;&#xCB0;&#xCBF;&#xCA4; &#xCAA;&#xCB0;&#xCBF;&#xC9A;&#xCAF;&#xCBE;&#xCA4;&#xCCD;&#xCAE;&#xC95; &#xC9A;&#xCB0;&#xCCD;&#xC9A;&#xCC6; &#xCA8;&#xCA1;&#xCC6;&#xCB8;&#xCC1;&#xCA4;&#xCCD;&#xCA4;&#xCA6;&#xCC6;. &#xCAA;&#xCCD;&#xCB0;&#xCA4;&#xCBF;&#xCAF;&#xCCA;&#xC82;&#xCA6;&#xCC2; &#xCB0;&#xC82;&#xC97;&#xCBE;&#xC82;&#xCB6;&#xCA6; &#xC90;&#xCA4;&#xCBF;&#xCB9;&#xCBE;&#xCB8;&#xCBF;&#xC95; &#xCB9;&#xCBF;&#xCA8;&#xCCD;&#xCA8;&#xCC6;&#xCB2;&#xCC6;, &#xCB8;&#xCAE;&#xC95;&#xCBE;&#xCB2;&#xCC0;&#xCA8; &#xCB0;&#xC82;&#xC97;&#xCAD;&#xCC2;&#xCAE;&#xCBF;&#xCAF;&#xCB2;&#xCCD;&#xCB2;&#xCBF; &#xC86;&#xCAF;&#xCBE; &#xCB0;&#xC82;&#xC97;&#xCBE;&#xC82;&#xCB6;&#xC97;&#xCB3;&#xCA8;&#xCCD;&#xCA8;&#xCC1; &#xCAF;&#xCCB;&#xC9C;&#xCBF;&#xCB8;&#xCC1;&#xCB5; &#xCAE;&#xCA4;&#xCCD;&#xCA4;&#xCC1; &#xCA8;&#xCBF;&#xCB0;&#xCCD;&#xCB5;&#xCB9;&#xCBF;&#xCB8;&#xCC1;&#xCB5; &#xCB5;&#xCBF;&#xCA7;&#xCBE;&#xCA8;&#xC97;&#xCB3;&#xCC1; &#xCB9;&#xCBE;&#xC97;&#xCC2; &#xC86;&#xCAF;&#xCBE; &#xCB0;&#xC82;&#xC97;&#xCBE;&#xC82;&#xCB6;&#xCA6; &#xCB5;&#xCC8;&#xCB5;&#xCBF;&#xCA7;&#xCCD;&#xCAF;&#xCAE;&#xCAF; &#xCB8;&#xCBE;&#xCA7;&#xCCD;&#xCAF;&#xCA4;&#xCC6;-&#xCB6;&#xCC8;&#xCB2;&#xCBF;&#xC97;&#xCB3;&#xCC1; &#x2013; &#xC87;&#xCB5;&#xCC1;&#xC97;&#xCB3;&#xCA8;&#xCCD;&#xCA8;&#xCC1; &#xC86;&#xCB0;&#xC82;&#xCAD;&#xCA6; &#xCB0;&#xC82;&#xC97;&#xC95;&#xCB0;&#xCCD;&#xCAE;&#xCBF;&#xC97;&#xCB3;&#xCBF;&#xC97;&#xCC6; &#xCAE;&#xCA4;&#xCCD;&#xCA4;&#xCC1; &#xC86;&#xCB8;&#xC95;&#xCCD;&#xCA4;&#xCB0;&#xCBF;&#xC97;&#xCC6; &#xC89;&#xCAA;&#xCAF;&#xCC1;&#xC95;&#xCCD;&#xCA4;&#xCB5;&#xCBE;&#xC97;&#xCC1;&#xCB5;&#xC82;&#xCA4;&#xCC6; &#xC87;&#xCB2;&#xCCD;&#xCB2;&#xCBF; &#xCA8;&#xCBF;&#xCB0;&#xCC2;&#xCAA;&#xCBF;&#xCB8;&#xCB2;&#xCBE;&#xC97;&#xCBF;&#xCA6;&#xCC6;.</subfield>
  </datafield>
  <datafield tag="650" ind1=" " ind2=" ">
    <subfield code="a">Theatre</subfield>
    <subfield code="9">264403</subfield>
  </datafield>
  <datafield tag="650" ind1=" " ind2=" ">
    <subfield code="a">Ranga abhinaya rangatantragalu mattu ranga siddhateya parichaya</subfield>
    <subfield code="9">264407</subfield>
  </datafield>
  <datafield tag="942" ind1=" " ind2=" ">
    <subfield code="2">ddc</subfield>
    <subfield code="c">BK</subfield>
  </datafield>
  <datafield tag="999" ind1=" " ind2=" ">
    <subfield code="c">241489</subfield>
    <subfield code="d">241489</subfield>
  </datafield>
  <datafield tag="952" ind1=" " ind2=" ">
    <subfield code="0">0</subfield>
    <subfield code="1">0</subfield>
    <subfield code="2">ddc</subfield>
    <subfield code="4">0</subfield>
    <subfield code="7">0</subfield>
    <subfield code="8">OTH</subfield>
    <subfield code="a">AL</subfield>
    <subfield code="b">AL</subfield>
    <subfield code="c">Fine Arts</subfield>
    <subfield code="d">2021-02-17</subfield>
    <subfield code="e">Athree Book Centre, Mangalore-01.</subfield>
    <subfield code="g">0.00</subfield>
    <subfield code="l">0</subfield>
    <subfield code="o">792K  AKSR</subfield>
    <subfield code="p">SG03514</subfield>
    <subfield code="r">2021-02-17 00:00:00</subfield>
    <subfield code="w">2021-02-17</subfield>
    <subfield code="y">SG</subfield>
  </datafield>
  <datafield tag="952" ind1=" " ind2=" ">
    <subfield code="0">0</subfield>
    <subfield code="1">0</subfield>
    <subfield code="2">ddc</subfield>
    <subfield code="4">0</subfield>
    <subfield code="7">0</subfield>
    <subfield code="8">KAN</subfield>
    <subfield code="a">AL</subfield>
    <subfield code="b">AL</subfield>
    <subfield code="c">SK</subfield>
    <subfield code="d">2026-05-19</subfield>
    <subfield code="e">Navakarnataka Publications Pvt Ltd Mangaluru-575001</subfield>
    <subfield code="g">296.00</subfield>
    <subfield code="l">0</subfield>
    <subfield code="o">792K AKSR</subfield>
    <subfield code="p">078224</subfield>
    <subfield code="r">2026-05-22 15:09:28</subfield>
    <subfield code="v">370.00</subfield>
    <subfield code="w">2026-05-11</subfield>
    <subfield code="y">BK</subfield>
  </datafield>
  <datafield tag="952" ind1=" " ind2=" ">
    <subfield code="0">0</subfield>
    <subfield code="1">0</subfield>
    <subfield code="2">ddc</subfield>
    <subfield code="4">0</subfield>
    <subfield code="7">0</subfield>
    <subfield code="8">KAN</subfield>
    <subfield code="a">AL</subfield>
    <subfield code="b">AL</subfield>
    <subfield code="c">SK</subfield>
    <subfield code="d">2026-05-19</subfield>
    <subfield code="e">Navakarnataka Publications Pvt Ltd Mangaluru-575001</subfield>
    <subfield code="g">296.00</subfield>
    <subfield code="l">0</subfield>
    <subfield code="o">792K AKSR</subfield>
    <subfield code="p">078225</subfield>
    <subfield code="r">2026-05-22 15:11:45</subfield>
    <subfield code="v">370.00</subfield>
    <subfield code="w">2026-05-11</subfield>
    <subfield code="y">BK</subfield>
  </datafield>
</record>
